Another Asia : (Record no. 31982)

MARC details
000 -LEADER
fixed length control field 01464cam a2200325 a 4500
005 - DATE AND TIME OF LATEST TRANSACTION
control field 20080104121344.0
008 - FIXED-LENGTH DATA ELEMENTS--GENERAL INFORMATION
fixed length control field 061003s2006 ii a b 001 0deng
010 ## - LCCN (DPL NO)
LC control number ENG-95524
020 ## - INTERNATIONAL STANDARD BOOK NUMBER
International Standard Book Number 9780198062813
Terms of availability 345.00
020 ## - INTERNATIONAL STANDARD BOOK NUMBER
International Standard Book Number 0198062818
Terms of availability 345.00
035 ## - SYSTEM CONTROL NUMBER
System control number EN-79057
037 ## - SOURCE OF ACQUISITION
Source of stock number/acquisition DBAD/PUB
040 ## - CATALOGING SOURCE
Original cataloging agency DPL
082 ## - DEWEY DECIMAL CLASSIFICATION NUMBER
Classification number 809.933585
100 ## - MAIN ENTRY--PERSONAL NAME
Personal name Bharucha, Rustom,
Dates associated with a name 1953-
245 ## - TITLE STATEMENT
Title Another Asia :
Remainder of title Rabindranath Tagore and Okakura Tenshin /
Statement of responsibility, etc Rustom Bharucha.
260 ## - PUBLICATION, DISTRIBUTION, ETC. (IMPRINT)
Place of publication, distribution, etc New Delhi :
Name of publisher, distributor, etc Oxford University Press,
Date of publication, distribution, etc 2009
300 ## - PHYSICAL DESCRIPTION
Extent xxiv, 236 p. :
Other physical details ill. ;
Dimensions 23 cm.(Pbk)
500 ## - GENERAL NOTE
General note Includes bibliographical references and index.
520 ## - SUMMARY, ETC.
Summary, etc On the works and friendship between Rabindranath Tagore, 1861-1941, Bengali and English author and Kakuzō Okakura, 1862-1913, Japanese author with special reference to the depiction of Asia, nationalism, and civilization in their works.
600 ## - SUBJECT ADDED ENTRY--PERSONAL NAME
Personal name Tagore, Rabindranath,
Dates associated with a name 1861-1941
General subdivision Criticism and interpretation.
600 ## - SUBJECT ADDED ENTRY--PERSONAL NAME
Personal name Okakura, Kakuzō,
Dates associated with a name 1862-1913
General subdivision Criticism and interpretation.
650 ## - SUBJECT ADDED ENTRY--TOPICAL TERM
Topical term or geographic name as entry element Nationalism in literature.
650 ## - SUBJECT ADDED ENTRY--TOPICAL TERM
Topical term or geographic name as entry element Civilization in literature.
651 ## - SUBJECT ADDED ENTRY--GEOGRAPHIC NAME
Geographic name Asia
General subdivision In literature.
700 ## - ADDED ENTRY--PERSONAL NAME
Personal name Tenshin, Okakura
942 ## - ADDED ENTRY ELEMENTS (KOHA)
Source of classification or shelving scheme Dewey Decimal Classification
Item type English Books
Call number suffix BHA
Classification part 809.933585
Holdings
Withdrawn status Lost status Source of classification or shelving scheme Damaged status Not for loan Collection code Home library Current library Date acquired Source of acquisition Cost, normal purchase price Total Checkouts Full call number Barcode Date last seen Copy number Cost, replacement price Koha item type
    Dewey Decimal Classification   Not For Loan Non-fiction D.B.Act.Division D.B.Act.Division 24/04/2010 DBAD/PUB 345.00   809.933585 BHA EN-79057 24/04/2010 1 345.00 English Books

© Delhi Public Library
Hit Counter
free hit counter